Statistics for Canada Geography by Letter - B

Click here to take the quiz!

General Stats

  • This quiz has been taken 15 times
  • The average score is 4 of 12

Answer Stats

HintAnswer% Correct
Westernmost ProvinceBritish Columbia
100%
World Famous National ParkBanff
92%
Toronto suburb with large South Asian communityBrampton
50%
Manitoba's second cityBrandon
33%
Wayne Gretzky's hometownBrantford
25%
City across the bridge from HamiltonBurlington
25%
Major Vancouver suburbBurnaby
25%
Canada's Wall StreetBay
17%
Ontario peninsula known for turquoise watersBruce
17%
City on Lake SimcoeBarrie
8%
Birthplace of Avril LavigneBelleville
8%
Touristy Ottawa marketByward
8%

Score Distribution

Percentile by Number Answered

Percent of People with Each Score

Your Score History

You have not taken this quiz